Analýza daňového zaťaženia práce po zavedení tzv. rovnej dane
Ciele poslednej daňovej reformy (2004), zavedenie rovnej dane. Daňové zaťaženie práce - podiel odvedenej dane na hrubom príjme zamestnanca. Výpočet efektívnej sadzby dane z príjmov u daňovníka - jednotlivca a daňovníka s 2 nezaopatrenými deťmi. Marginálna efektívna daňová sadzba - výpočet. Zavedenie...
Salvato in:
| Autore principale: | |
|---|---|
| Natura: | Capitolo di libro |
| Lingua: | slovacco |
| Soggetti: | |
| Tags: |
Nessun Tag, puoi essere il primo ad aggiungerne!!
|
MARC
| LEADER | 00000naa$a2200000$$$4500 | ||
|---|---|---|---|
| 001 | 0070991 | ||
| 005 | 20240502083205.6 | ||
| 041 | 0 | |a slo | |
| 044 | |a CZ | ||
| 245 | 1 | 0 | |a Analýza daňového zaťaženia práce po zavedení tzv. rovnej dane |c Anna Harumová |
| 520 | |a Ciele poslednej daňovej reformy (2004), zavedenie rovnej dane. Daňové zaťaženie práce - podiel odvedenej dane na hrubom príjme zamestnanca. Výpočet efektívnej sadzby dane z príjmov u daňovníka - jednotlivca a daňovníka s 2 nezaopatrenými deťmi. Marginálna efektívna daňová sadzba - výpočet. Zavedenie rovnej dane v SR z pohľadu jednotlivcov a podnikov ruší progresívne zdanenie, ktoré doteraz postihovalo hlavne úspešnejších, teda s vyššími príjmami. Na druhej strane zavedenie rovnej dane zvýhodňuje skupinu s vyššími príjmami a znevýhodňuje skupinu jednotlivcov a podnikov s nižšími príjmami. Systém sa tak stal menej motivačný pre stredné príjmové skupiny. | ||
| 610 | 2 | 0 | |a reformy daňové |
| 610 | 2 | 0 | |a dane rovné |
| 610 | 2 | 0 | |a Slovensko |
| 610 | 2 | 0 | |a zaťaženie daňové |
| 610 | 2 | 0 | |a práca |
| 610 | 2 | 0 | |a sadzby daňové |
| 610 | 2 | 0 | |a dane z príjmov |
| 100 | 1 | |a Harumová, Anna, 1955- | |